| 000 | 02794ngm a2200469 4500 | ||
|---|---|---|---|
| 003 | dpl | ||
| 005 | 20081120144743.0 | ||
| 007 | DVD | ||
| 008 | ||||||sp199 xxu|||||c ||| 00| 0 ng d | ||
| 010 | _aDVD-001259-1261 & DVD-005619-5623 | ||
| 024 |
_aSHE DVD 424 _c99.00 |
||
| 035 | _aDVD-001259-1261 | ||
| 035 | _aDVD-005619-5623 | ||
| 040 |
_aDPL _cDPL |
||
| 082 | _aDVD / ELAA | ||
| 245 |
_aElaan _cVenus Records & Tapes Pvt. Ltd.Presents _h[videorecording] DVD/ |
||
| 260 | _bShemaroo Video Pvt. Ltd. | ||
| 300 |
_a1 videodisc DVD; (153 min.) : _bsd., col. ; _c4 3/4 in. _fDVD |
||
| 440 | _aShemaroo Home Entertainment | ||
| 538 | _aDolby Digital 5.1 - Hindi Subtitles: English | ||
| 538 | _aAnamorphic Wide Screen Format, Presented 2:35.1 Aspect Ratio Enhancaead for 16:9 Wide Screen | ||
| 650 | _aMotion Picture | ||
| 700 | _aJain, Rajan | ||
| 700 | _aJain, Ganesh | ||
| 700 | _aBhatta, Vikram | ||
| 700 | _aMalik, Annu | ||
| 700 | _aDitta, Lara | ||
| 700 | _aAbraham, John | ||
| 700 | _aPatel Amisha | ||
| 700 | _aKhanna, Rahul | ||
| 942 |
_cCF _2ddc _hDVD _mELAA |
||
| 999 |
_c18874 _d18874 |
||